Most taken JetPunk quizzes - Statistics

General Stats
  • This quiz has been taken 5 times
  • The average score is 3 of 20
Answer Stats
Times taken Answer % Correct
22,033,179 Countries of the World
100%
1,404,639 Africa Map
50%
2,902,483 Europe Map
50%
3,063,089 United States Map
50%
8,048,155 US States
50%
2,968,298 Fast typing 1 to 100
25%
2,206,475 12 Months in 15 Seconds
0%
2,174,655 50 US States in 1 Minute
0%
1,929,951 Countries by Borders in 90 Seconds
0%
2,867,762 Countries by First Two Letters in 90 Seconds
0%
1,862,446 Countries of the World with an Empty Map
0%
1,479,284 Country Flags 1
0%
2,646,384 Fast Typing A to Z
0%
1,331,126 NBA Basketball Teams
0%
1,327,523 NBA Basketball Teams
0%
1,320,518 NFL Football Teams
0%
1,478,883 Random Capital to Country
0%
1,939,760 U.S. Presidents
0%
2,909,733 World Capitals
0%
2,323,946 World Map Without 20 Random Countries
0%
No matching quizzes found
Score Distribution
Percent of People with Each Score
Percentile by Number Answered
Your Score History
You have not taken this quiz